[Event "Open NK"]
[Site "Dieren NED"]
[Date "2007.07.24"]
[Round "1"]
[White "Van der Weide,K"]
[Black "Van Kampen,R"]
[Result "1-0"]
[WhiteElo "2512"]
[BlackElo "2033"]

1.e4 c5 2.Nf3 d6 3.d4 cxd4 4.Nxd4 Nf6 5.Nc3 a6 6.Be3 e6 7.g4 h6 8.f4 e5 9.Nf5 h5
10.Nd5 Nxd5 11.Qxd5 Nc6 12.O-O-O Be6 13.Nxd6+ Bxd6 14.Qxd6 Bxg4 15.Qxd8+ Nxd8
16.Re1 exf4 17.Bxf4 Ne6 18.Bd2 O-O-O 19.Bc3 Rd7 20.h3 Bf3 21.Rg1 Rhd8 22.Bc4 Nc5
23.Bxg7 Nxe4 24.Bd3 f5 25.Ref1 Rg8 26.Rxf3 Rdxg7 27.Rxg7 Rxg7 28.Rxf5 Rg1+
29.Rf1 Rxf1+ 30.Bxf1 Kd7 31.Bg2 Nd6 32.Kd2 Ke6 33.Kd3 b6 34.b4 Ke5 35.c4 h4
36.c5 bxc5 37.bxc5 Ne8 38.Kc4 Nc7 39.Bb7 Ke6 40.Kb4 Ke5 41.Ka5 Ke6 42.Kb6 Kd7
43.a4 Ne6 44.Bxa6  1-0

[Event "Open NK"]
[Site "Dieren NED"]
[Date "2007.07.24"]
[Round "1"]
[White "Blees,E"]
[Black "Van Roosmalen,S"]
[Result "0-1"]
[WhiteElo "2057"]
[BlackElo "2240"]

1.e4 c5 2.Nf3 d6 3.d4 cxd4 4.Nxd4 Nf6 5.Nc3 a6 6.Be3 Ng4 7.Bg5 h6 8.Bh4 g5
9.Bg3 Bg7 10.Be2 h5 11.h3 h4 12.hxg4 hxg3 13.Rxh8+ Bxh8 14.fxg3 Qb6 15.Nd5 Qxb2
16.c3 Kd8 17.Rb1 Qa3 18.Qd2 Bf6 19.Rb4 Nd7 20.Nxf6 Nxf6 21.e5 Ne4 22.Nc6+ bxc6
23.Rxe4 d5 24.Rb4 a5 25.Rb3 Qc5 26.Kf1 a4 27.Rb1 Ba6 28.Bxa6 Rxa6 29.Qxg5 Rb6
30.Rxb6 Qxb6 31.Qg8+ Kd7 32.Qxf7 Qb1+ 33.Kf2 Qxa2+ 34.Kg1 Qb1+ 35.Kh2 a3
36.c4 a2 37.cxd5 a1=Q 38.Qe6+ Kd8 39.Qg8+ Kc7  0-1

[Event "IMA"]
[Site "Dimitrov RUS"]
[Date "2007.07.24"]
[Round "5"]
[White "Vasilkova,S"]
[Black "Puchkov,A"]
[Result "1/2-1/2"]
[WhiteElo "2331"]
[BlackElo "2252"]

1.e4 c5 2.Nf3 d6 3.d4 cxd4 4.Nxd4 Nf6 5.Nc3 a6 6.Be3 Ng4 7.Bc1 Nc6 8.Be2 Qb6
9.Bxg4 Qxd4 10.O-O Qxd1 11.Bxd1 g6 12.Nd5 Rb8 13.Nc7+ Kd8 14.Nd5 Bg7 15.a4 Be6
16.Re1 Bxd5 17.exd5 Nb4 18.c4 Nd3 19.Re2 Rc8 20.Bb3 Nxc1 21.Rxc1 a5 22.Ba2 Kd7
23.b3  1/2-1/2

[Event "ch-Gdansk"]
[Site "Gdansk POL"]
[Date "2007.07.24"]
[Round "4"]
[White "Khamidov,K"]
[Black "Ulanowski,K"]
[Result "1-0"]
[WhiteElo "1863"]
[BlackElo "1758"]

1.e4 c5 2.Nf3 d6 3.d4 cxd4 4.Nxd4 Nf6 5.Nc3 a6 6.Be3 e6 7.f3 b5 8.Qd2 Nbd7
9.g4 Nb6 10.Qf2 Nfd7 11.O-O-O Bb7 12.Bd3 Rc8 13.Nce2 Be7 14.Kb1 d5 15.h4 O-O
16.h5 dxe4 17.fxe4 Bg5 18.Nf3 Bxe3 19.Qxe3 Na4 20.g5 Qc7 21.g6 h6 22.Ng5 Qe5
23.Nd4 hxg5 24.Rdg1 Rc5 25.c3 Nf6 26.Nf3 Qc7 27.Nxg5 Rxg5 28.Rxg5 Rd8 29.Bc2 Nc5
30.Rxc5 Qb6 31.Rc8 Qa5 32.b4  1-0

[Event "Najdorf Mem GpA"]
[Site "Grodzisk Mazowiecki POL"]
[Date "2007.07.24"]
[Round "5"]
[White "Hambardzumian,Y"]
[Black "Sliwerski,R"]
[Result "1-0"]
[WhiteElo "2402"]
[BlackElo "2139"]

1.e4 c5 2.Nf3 d6 3.d4 cxd4 4.Nxd4 Nf6 5.Nc3 a6 6.Be3 e5 7.Nf3 Qc7 8.a4 Be6
9.Ng5 Bc4 10.Bxc4 Qxc4 11.a5 Nbd7 12.Ra4 Qc7 13.O-O Be7 14.Nf3 O-O 15.Nd2 b5
16.axb6 Nxb6 17.Bxb6 Qxb6 18.Nc4 Qc6 19.Ne3 Rfc8 20.Qe2 Qb7 21.Ncd5 Nxd5
22.Nxd5 Bd8 23.c3 Qb5 24.Qc2 Rc4 25.Rfa1 a5 26.Rxc4 Qxc4 27.Qa4 Qxa4 28.Rxa4 Kf8
29.Kf1 Ke8 30.Ke2 Kd7 31.Kd3 Kc6 32.Rc4+ Kd7 33.Ra4 Kc6 34.Kc4 Rb8 35.b4 Rb5
36.f3 h5 37.Ra2 g6 38.Ra4 f5 39.Ra2 f4 40.Ra4 g5 41.h3 h4 42.Ra2 Rb7 43.bxa5 Bxa5
44.Rxa5 Rb2 45.Ra7  1-0

[Event "MTO"]
[Site "Biel SUI"]
[Date "2007.07.25"]
[Round "3"]
[White "Al Sayed,Mohamad"]
[Black "Cvitan,O"]
[Result "1/2-1/2"]
[WhiteElo "2469"]
[BlackElo "2529"]

1.e4 c5 2.Nf3 d6 3.d4 cxd4 4.Nxd4 Nf6 5.Nc3 a6 6.Be3 e6 7.Be2 Qc7 8.f4 b5
9.Bf3 Bb7 10.a3 Nbd7 11.Qe2 Be7 12.g4 Nb6 13.O-O-O Nfd7  1/2-1/2

[Event "Open NK"]
[Site "Dieren NED"]
[Date "2007.07.25"]
[Round "2"]
[White "Narayanan,Sr"]
[Black "Brandenburg,D"]
[Result "0-1"]
[WhiteElo "2218"]
[BlackElo "2433"]

1.e4 c5 2.Nf3 d6 3.d4 cxd4 4.Nxd4 Nf6 5.Nc3 a6 6.Be3 e5 7.Nb3 Be6 8.f3 Nbd7
9.Qd2 b5 10.g4 Nb6 11.g5 Nfd7 12.Nd5 Rc8 13.Na5 Nxd5 14.exd5 Bxd5 15.Qxd5 Qxa5+
16.c3 Be7 17.Bh3 Qc7 18.a4 Qc4 19.Qb7 Rc7 20.Qa8+ Bd8 21.Bxd7+ Kxd7 22.Qxa6 b4
23.Qb5+ Qxb5 24.axb5 bxc3 25.bxc3 Rxc3 26.Ra7+ Ke6 27.Bd2 Rb3 28.Ke2 Rxb5
29.Ra8 Rb2 30.Rha1 h6 31.Kd3 Bxg5 32.Rxh8 Rxd2+ 33.Kc4 d5+ 34.Kc5 Be3+ 35.Kc6 Rc2+
36.Kb5 Rxh2 37.Re8+ Kf5 38.Kc6 d4 39.Ra7 f6 40.Rxg7 d3 41.Rd8 Rc2+ 42.Kb5 d2
43.Rgd7 Kf4 44.Rd6 Kxf3  0-1

[Event "Open NK"]
[Site "Dieren NED"]
[Date "2007.07.25"]
[Round "2"]
[White "Op den Kelder,J"]
[Black "Van der Weide,K"]
[Result "0-1"]
[WhiteElo "2247"]
[BlackElo "2512"]

1.e4 c5 2.Nf3 d6 3.d4 cxd4 4.Nxd4 Nf6 5.Nc3 a6 6.Be3 e5 7.Nf3 Be7 8.Bc4 O-O
9.O-O Nc6 10.Bg5 Na5 11.Bxf6 Bxf6 12.Bd5 Be6 13.Qd3 Rc8 14.Rfd1 Be7 15.Rac1 Qc7
16.Ne2 Nc4 17.Bxc4 Qxc4 18.Nc3 Qxd3 19.cxd3 g5 20.h3 h5 21.d4 g4 22.hxg4 hxg4
23.Ne1 Bg5 24.Rc2 Rc4 25.dxe5 dxe5 26.b3 Rc6 27.Nd5 Rfc8 28.Rxc6 bxc6 29.Nc3 c5
30.Kf1 a5 31.Nd5 a4 32.Nb6 Rc6 33.Nxa4 c4 34.bxc4 Rxc4 35.Nb2 Rxe4 36.a4 Rb4
37.Ned3 Rb3 38.f3 Be3 39.Ke2 Bd4 40.Rd2 Kg7 41.Rc2 Bf5 42.fxg4 Rxb2  0-1

[Event "Open NK"]
[Site "Dieren NED"]
[Date "2007.07.25"]
[Round "2"]
[White "Timmermans,M"]
[Black "Van den Dikkenberg,E"]
[Result "0-1"]
[WhiteElo "2007"]
[BlackElo "2135"]

1.e4 c5 2.Nf3 d6 3.d4 cxd4 4.Nxd4 Nf6 5.Nc3 a6 6.Be3 e5 7.Nb3 Be6 8.f3 Be7
9.Qd2 O-O 10.O-O-O Nbd7 11.Kb1 b5 12.g4 Nb6 13.Qf2 Na4 14.Nxa4 bxa4 15.Nc5 Qc7
16.Nxa4 Rab8 17.b3 Qc6 18.Ka1 Rb4 19.c4 Rfb8 20.Bd3 Bd8 21.Qc2 Nd7 22.Be2 R4b7
23.Qd3 Bc7 24.h4 Rb4 25.Rc1 Qb7 26.Rc2 Qc6 27.Rd1 R4b7 28.Rc3 Ba5 29.Rcc1 Bb4
30.Rc2 Ba3 31.g5 Bb4 32.f4 exf4 33.Bxf4 Ne5 34.Qg3 Qc7 35.c5 Qc6 36.Rd4 Qxa4
37.Bxe5 dxe5 38.Rd1 Qa5 39.Bc4 Qxc5 40.h5 Bxc4 41.Rxc4 Qe7 42.Qg4 Rc7 43.Rdc1 Rxc4
44.Rxc4 Bc5 45.Kb1 Qd6 46.h6 Qd3+ 47.Kb2 Qxc4  0-1

[Event "Najdorf Mem GpA"]
[Site "Grodzisk Mazowiecki POL"]
[Date "2007.07.25"]
[Round "6"]
[White "Llaneza Vega,M"]
[Black "Onischuk,V"]
[Result "1-0"]
[WhiteElo "2438"]
[BlackElo "2506"]

1.e4 c5 2.Nf3 d6 3.d4 cxd4 4.Nxd4 Nf6 5.Nc3 a6 6.Be3 e5 7.Nb3 Be6 8.Qd2 Nbd7
9.O-O-O Rc8 10.f4 b5 11.Kb1 Qc7 12.f5 Bc4 13.Be2 Be7 14.g4 Bxe2 15.Qxe2 Qc4
16.Qg2 b4 17.Nd5 Nxd5 18.exd5 Bd8 19.g5 a5 20.Rc1 Bb6 21.Nd2 Qc7 22.Rhe1 a4
23.c3 b3 24.a3 Bxe3 25.Rxe3 Nb6 26.c4 Nd7 27.Qg4 Nc5 28.Rf3 Qd7 29.Qh5 h6
30.Rg1 Kd8 31.Qh4 Kc7 32.g6 f6 33.Rc1 Kd8 34.Qe1 Ke7 35.Nf1 Rhe8 36.Ng3 Kf8
37.Rcc3 e4 38.Rfe3 Re5 39.Qf1 Rce8 40.Qh3 Nd3 41.Qg4 Qa7 42.Nf1 Qd4 43.Rcxd3 Qxd3+
44.Rxd3 exd3 45.Kc1 Re1+ 46.Kd2 Rxf1 47.c5 Rf2+ 48.Kxd3 Rxb2 49.cxd6 Rbe2
50.d7 R8e3+ 51.Kd4 Re4+ 52.Kc5 Ke7 53.d8=Q+ Kxd8 54.Qg3 Re5 55.Qd3 b2 56.Kd6 Rd2
57.Qxd2 b1=Q 58.Qa5+ Kc8 59.Qc7+  1-0

[Event "Open NK"]
[Site "Dieren NED"]
[Date "2007.07.26"]
[Round "3"]
[White "Rietveld,R"]
[Black "Van Assendelft,F"]
[Result "0-1"]
[WhiteElo "2137"]
[BlackElo "2297"]

1.e4 c5 2.Nf3 d6 3.d4 Nf6 4.Nc3 cxd4 5.Nxd4 a6 6.Be3 e6 7.f3 b5 8.g4 Bb7
9.Qd2 Nfd7 10.O-O-O Nb6 11.Qf2 N8d7 12.Bd3 Rc8 13.Nce2 Nc5 14.Kb1 Nba4 15.h4 Qc7
16.Rc1 b4 17.g5 Be7 18.Qg2 O-O 19.Qh3 Qa5 20.g6 hxg6 21.h5 g5 22.f4 Nxb2
23.Kxb2 Nxd3+ 24.cxd3 Qa3+ 25.Ka1 Bf6 26.e5 Bd5 27.Rc4 g4 28.Qg3 Qxd3 29.Rxb4 dxe5
30.fxe5 Be7 31.Rb3 Bxb3 32.axb3 Rc5 33.b4 Qa3+  0-1

[Event "Open NK"]
[Site "Dieren NED"]
[Date "2007.07.26"]
[Round "3"]
[White "Haast,A"]
[Black "Sprangers,R"]
[Result "1-0"]
[WhiteElo "2001"]
[BlackElo "2191"]

1.e4 c5 2.Nf3 d6 3.d4 cxd4 4.Nxd4 Nf6 5.Nc3 a6 6.Be3 e5 7.Nf3 Be7 8.Bc4 O-O
9.O-O Be6 10.Bxe6 fxe6 11.Na4 Ng4 12.Qd3 Nc6 13.Qb3 d5 14.Nb6 Nxe3 15.Qxe3 Rxf3
16.gxf3 Bg5 17.f4 Bxf4 18.Qh3 Qxb6 19.Qxe6+ Kh8 20.exd5 Qd8 21.dxc6 Qg5+
22.Kh1 Qh5 23.h3 bxc6 24.Qg4 Qxg4 25.hxg4 g6 26.Kg2 Kg7 27.Rad1 Kf6 28.Rh1 Rh8
29.Rd6+ Kg5 30.Rxc6 Kxg4 31.Rxg6+  1-0

[Event "ch-Gdansk"]
[Site "Gdansk POL"]
[Date "2007.07.26"]
[Round "6"]
[White "Dadello,K"]
[Black "Walkusz,Mi"]
[Result "1-0"]
[WhiteElo "1835"]
[BlackElo "2018"]

1.e4 c5 2.Nf3 d6 3.d4 cxd4 4.Nxd4 Nf6 5.Nc3 a6 6.Be3 Ng4 7.Bg5 h6 8.Bh4 g5
9.Bg3 Bg7 10.Be2 h5 11.h3 Nf6 12.Qd2 g4 13.hxg4 Nxg4 14.Bxg4 Bxg4 15.f3 Bd7
16.O-O-O Nc6 17.Nf5 Bxf5 18.exf5 Qa5 19.f6 Bxf6 20.Nd5 Qxd2+ 21.Rxd2 O-O-O
22.Nxf6 exf6 23.Rxd6 Rxd6 24.Bxd6 Kd7 25.Bg3 Rg8 26.Bh4 Ke6 27.g3 Nd4 28.Re1+ Kf5
29.f4 Nf3 30.Re7 Nxh4 31.gxh4 Rg7 32.Rxb7 Kxf4 33.Rb6 f5 34.Rxa6 Rg6 35.Rxg6 fxg6
36.b4 g5 37.b5 Ke5 38.hxg5 h4 39.b6 Kd6 40.b7 Kc7 41.b8=Q+ Kxb8 42.g6  1-0

[Event "Open NK"]
[Site "Dieren NED"]
[Date "2007.07.27"]
[Round "4"]
[White "Narayanan,Sr"]
[Black "Van Assendelft,F"]
[Result "1-0"]
[WhiteElo "2218"]
[BlackElo "2297"]

1.e4 c5 2.Nf3 d6 3.d4 Nf6 4.Nc3 cxd4 5.Nxd4 a6 6.Be3 e6 7.g4 b5 8.g5 Nfd7
9.a3 Bb7 10.f4 Nc6 11.Qh5 Nxd4 12.Bxd4 e5 13.Be3 exf4 14.Bxf4 Ne5 15.O-O-O g6
16.Qe2 Qc7 17.Bxe5 dxe5 18.Bh3 Bxa3 19.Qf3 Bd6 20.Qf6 O-O 21.Qxd6 Qa5 22.Kb1  1-0

[Event "IGM"]
[Site "Stara Pazova SRB"]
[Date "2007.07.27"]
[Round "4"]
[White "Berescu,A"]
[Black "Kovacevic,A"]
[Result "1/2-1/2"]
[WhiteElo "2511"]
[BlackElo "2566"]

1.e4 c5 2.Nf3 d6 3.d4 cxd4 4.Nxd4 Nf6 5.Nc3 a6 6.Be3 Nc6 7.f3 e6 8.Qd2 Be7
9.O-O-O O-O 10.g4 Nxd4 11.Bxd4 b5 12.g5 Nd7 13.h4 b4 14.Na4 Qa5 15.b3 Nc5
16.Bxc5 dxc5 17.Qf4 Ra7 18.Kb1 Rd7 19.Bc4 Rxd1+ 20.Rxd1 Rd8 21.Rh1 Rd4 22.Qb8 Qd8
23.Nb6 Bd7 24.Qxd8+ Bxd8 25.Nxd7 Rxd7 26.f4 Rd4 27.Bd3 Bc7 28.f5 exf5 29.exf5 Be5
30.Bxa6 Kf8 31.Bd3 f6 32.gxf6 Bxf6 33.h5 h6 34.Kc1 Rf4 35.Kd2 Bd4 36.Rf1 Rh4
37.Be2 Ke7 38.Kd3 Be5 39.Ke3 Kf6 40.Kf3 Rxh5 41.Ke4 Rh2 42.Bd3 Bd4 43.Kf4 h5
44.Re1 Rf2+ 45.Kg3 Kg5 46.Kh3 Rf3+ 47.Kg2 Rf4 48.Re2 h4 49.Kh3 Rf3+ 50.Kh2 h3
51.Re6 Bf6 52.Re1 Kh4 53.Re4+ Kg5 54.Re1 Bd4 55.Re6 Bc3 56.Re7 Bd4 57.Re6  1/2-1/2

[Event "MTO"]
[Site "Biel SUI"]
[Date "2007.07.28"]
[Round "6"]
[White "Deepan,C"]
[Black "Palac,M"]
[Result "1/2-1/2"]
[WhiteElo "2479"]
[BlackElo "2570"]

1.e4 c5 2.Nf3 d6 3.d4 cxd4 4.Nxd4 Nf6 5.Nc3 a6 6.Be3 e6 7.g4 h6 8.Bg2 e5
9.Nf5 g6 10.Qe2 gxf5 11.exf5 Rg8 12.h3 Qc7 13.f4 Bd7 14.O-O-O Bc6 15.fxe5 dxe5
16.Bb6 Qxb6 17.Qxe5+ Be7 18.Rhe1 Qb4 19.Bxc6+ Nxc6 20.Qxf6 Qf4+ 21.Kb1 Kf8
22.Rxe7 Nxe7 23.Qxe7+ Kxe7 24.Nd5+ Kd6 25.Nxf4+ Kc6 26.Rd3  1/2-1/2

[Event "Open NK"]
[Site "Dieren NED"]
[Date "2007.07.28"]
[Round "5"]
[White "Haast,A"]
[Black "Maenhout,T"]
[Result "0-1"]
[WhiteElo "2001"]
[BlackElo "2302"]

1.e4 c5 2.Nf3 d6 3.d4 cxd4 4.Nxd4 Nf6 5.Nc3 a6 6.Be3 Ng4 7.Bg5 h6 8.Bc1 e5
9.Nb3 Be6 10.f3 Nf6 11.Be3 Be7 12.Qd2 O-O 13.O-O-O b5 14.g4 b4 15.Nd5 Bxd5
16.exd5 a5 17.Kb1 Qc7 18.g5 hxg5 19.Bxg5 a4 20.Nc1 Ra5 21.Bh6 g6 22.Bd3 Nxd5
23.Qg2 Nf4 24.Bxf4 exf4 25.h4 Bf6 26.h5 g5 27.Qd2 Nc6 28.Ne2 d5 29.Rdg1 Qe5
30.c3 bxc3 31.Nxc3 Rb8 32.Re1 Qd4 33.Qe2 Ne5 34.Bb5 Nc4 35.Bxc4 dxc4 36.h6 Qd3+
37.Qxd3 cxd3 38.Rc1 d2 39.Rc2 Bxc3 40.Rxc3 Re5 41.Rd1 Re1 42.Kc2 Rxb2+ 43.Kxb2 Rxd1
44.Rd3 Rf1 45.Rxd2 Rxf3 46.Rd5 Rg3 47.Rf5 Kh7 48.Rf6 f3 49.Kc2 g4 50.Kd3 f2+
51.Ke2 Rf3  0-1

[Event "Open NK"]
[Site "Dieren NED"]
[Date "2007.07.28"]
[Round "5"]
[White "Van den Doel,E"]
[Black "Van der Weide,K"]
[Result "1-0"]
[WhiteElo "2587"]
[BlackElo "2512"]

1.e4 c5 2.Nf3 d6 3.d4 cxd4 4.Nxd4 Nf6 5.Nc3 a6 6.Be3 e5 7.Nde2 Be6 8.f4 Nbd7
9.f5 Bc4 10.Nc1 Bxf1 11.Rxf1 Rc8 12.Nb3 Be7 13.Qd3 O-O 14.O-O-O Qc7 15.Nd2 Nc5
16.Bxc5 Qxc5 17.Kb1 Qd4 18.Qf3 Qc5 19.g4 h6 20.h4 d5 21.g5 Nxe4 22.Ndxe4 dxe4
23.Qg4 f6 24.gxh6 Rf7 25.Qg6 Qc4 26.Rg1 Ba3 27.bxa3 Qxc3 28.h7+  1-0

[Event "Sun Pawn A"]
[Site "Ilichevsk UKR"]
[Date "2007.07.28"]
[Round "8"]
[White "Kagramanianz,V"]
[Black "Efremova,Y"]
[Result "1/2-1/2"]
[WhiteElo "2256"]
[BlackElo "2101"]

1.e4 c5 2.Nf3 d6 3.d4 cxd4 4.Nxd4 Nf6 5.Nc3 a6 6.Be3 e5 7.Nb3 Be7 8.f3 O-O
9.Qd2 Be6 10.O-O-O Nbd7 11.g4 Rc8  1/2-1/2

[Event "ch-Gdansk"]
[Site "Gdansk POL"]
[Date "2007.07.29"]
[Round "9"]
[White "Khamidov,K"]
[Black "Krzywkowski,M"]
[Result "0-1"]
[WhiteElo "1863"]
[BlackElo "1861"]

1.e4 c5 2.Nf3 d6 3.d4 cxd4 4.Nxd4 Nf6 5.Nc3 a6 6.Be3 e5 7.Nb3 Be7 8.f3 O-O
9.Qd2 Be6 10.O-O-O Nbd7 11.g4 b5 12.g5 b4 13.Ne2 Ne8 14.h4 a5 15.Kb1 Nb6
16.Ng3 a4 17.Nc1 d5 18.Bxb6 Qxb6 19.exd5 Rd8 20.Bc4 Nc7 21.Qe2 Bxd5 22.Nf5 Qe6
23.Bd3 b3 24.cxb3 axb3 25.Nxb3 Bxb3 26.axb3 Nd5 27.Qe4 Nc3+ 28.bxc3 Qxb3+
29.Kc1 Qxc3+ 30.Bc2 Ba3+ 31.Kb1 Qb2+  0-1

[Event "MTO"]
[Site "Biel SUI"]
[Date "2007.07.30"]
[Round "7"]
[White "Swathi,G"]
[Black "Cvitan,O"]
[Result "1/2-1/2"]
[WhiteElo "2317"]
[BlackElo "2529"]

1.e4 c5 2.Nf3 d6 3.d4 cxd4 4.Nxd4 Nf6 5.Nc3 a6 6.Be3 e6 7.Be2 Qc7 8.a4 Nc6
9.O-O Be7 10.f4 O-O 11.Bf3 Nxd4 12.Qxd4 e5 13.Qd2 exf4 14.Bxf4 Be6 15.Kh1 Rac8
16.Rad1 Rfd8 17.Qf2 Nd7 18.Bg4 Rf8 19.Nd5 Bxd5 20.Rxd5 Nf6 21.Bxc8 Nxd5 22.exd5 Rxc8
23.Bg3 Bf6 24.c3 Re8 25.Re1 Rxe1+ 26.Qxe1 g6 27.h3 Kg7 28.Qe2 h5 29.Qe4 Qb6
30.Qe2 Qb3 31.Bxd6 Qxd5 32.Bf4 Qf5 33.Qd2 g5 34.Bd6 Qe4 35.Qd1 Kg6 36.Kg1 g4
37.hxg4 hxg4 38.Bg3 Bg5 39.Qd6+ Qe6 40.Qb8 f5 41.Bf4 Qb6+ 42.Kh2 Bxf4+ 43.Qxf4 Qxb2
44.Qd6+ Kh5 45.Qf6 Qf2 46.Qf7+ Kg5 47.Qg7+ Kf4 48.Qc7+ Ke3 49.Qb6+ Ke2 50.Qb2+  1/2-1/2

[Event "MTO"]
[Site "Biel SUI"]
[Date "2007.07.30"]
[Round "7"]
[White "Jenni,F"]
[Black "Vitiugov,N"]
[Result "1/2-1/2"]
[WhiteElo "2527"]
[BlackElo "2608"]

1.e4 c5 2.Nf3 d6 3.d4 cxd4 4.Nxd4 Nf6 5.Nc3 a6 6.Be3 e5 7.Nde2 Be6 8.f4 g6
9.Qd2 Nc6 10.Ng3 exf4 11.Bxf4 d5 12.exd5 Nxd5 13.Nxd5 Qxd5 14.Qxd5 Bxd5 15.O-O-O O-O-O  1/2-1/2

[Event "US Open"]
[Site "Cherry Hill USA"]
[Date "2007.07.30"]
[Round "2"]
[White "Liu,E"]
[Black "Danlag,D"]
[Result "1-0"]
[WhiteElo "2260"]
[BlackElo "2085"]

1.e4 c5 2.Nf3 d6 3.d4 cxd4 4.Nxd4 Nf6 5.Nc3 a6 6.Be3 Ng4 7.Bg5 h6 8.Bh4 g5
9.Bg3 Bg7 10.h3 Ne5 11.Be2 Nbc6 12.Nb3 Be6 13.Nd5 b5 14.a4 b4 15.a5 Ng6 16.Ra2 O-O
17.O-O Bxd5 18.exd5 Nce5 19.Qd2 Qc7 20.Ra4 f5 21.f4 gxf4 22.Bxf4 Nxf4 23.Rxf4 Qa7+
24.Kh1 Ng6 25.Rfxb4 Qf2 26.Bd3 Qg3 27.Nd4 Nh4 28.Ne6 Be5 29.Rg4+ fxg4 30.Rxg4+ Qxg4
31.hxg4 Rf6 32.g5 Rf7 33.gxh6 Kh8 34.Qg5 Nxg2 35.Qg6  1-0

[Event "Open NK"]
[Site "Dieren NED"]
[Date "2007.07.31"]
[Round "7"]
[White "Ten Hertog,H"]
[Black "Van Opheusden,B"]
[Result "1/2-1/2"]
[WhiteElo "2084"]
[BlackElo "2162"]

1.e4 c5 2.Nf3 d6 3.d4 cxd4 4.Nxd4 Nf6 5.Nc3 a6 6.Be3 e5 7.Nf3 Be7 8.Bc4 O-O
9.O-O Nbd7 10.Qe2 b5 11.Bb3 Bb7 12.a4 Nxe4 13.Nxe4 Bxe4 14.Rfd1 Bc6 15.c4 bxa4
16.Bxa4 Qc7 17.Bc2 Nf6 18.b4 Rfc8 19.Ne1 d5 20.b5 axb5 21.cxb5 Bb7 22.Bf5 Rxa1
23.Rxa1 Ra8 24.b6 Qd8 25.Rxa8 Qxa8 26.Bd4 e4 27.g3 Qa4 28.Qd2 Ne8 29.Nc2 Nd6
30.Bg4 Qb3 31.Ne3 Nb5 32.Nf5 Qb4 33.Nxe7+ Qxe7 34.Qb2 Nxd4 35.Qxd4 Qd6 36.Qa4 Qe7
37.Qa7 f6 38.Bc8 e3 39.Bxb7 exf2+ 40.Kxf2 Qc5+ 41.Ke2 Qc2+  1/2-1/2

[Event "Open NK"]
[Site "Dieren NED"]
[Date "2007.07.31"]
[Round "7"]
[White "Rietveld,R"]
[Black "Narayanan,Sr"]
[Result "1-0"]
[WhiteElo "2137"]
[BlackElo "2218"]

1.e4 c5 2.Nf3 d6 3.d4 cxd4 4.Nxd4 Nf6 5.Nc3 a6 6.Be3 e6 7.f3 b5 8.g4 Nfd7
9.Qd2 Nb6 10.O-O-O Bb7 11.Qf2 N8d7 12.Bd3 Rc8 13.Nce2 Nc5 14.Kb1 Nba4 15.Bc1 Qb6
16.Qe3 Be7 17.h4 Qc7 18.g5 d5 19.e5 Nb6 20.f4 Ne4 21.h5 Nc4 22.Qg1 Bc5 23.g6 Qb6
24.gxf7+ Kxf7 25.Bxe4 dxe4 26.Qg4 Rcd8 27.f5 Bxd4 28.Nxd4 Rxd4 29.fxe6+ Ke8
30.Qxg7 Rf8 31.Bh6 Rf5 32.Qg8+ Ke7 33.Bg5+ Rxg5 34.Qf7+ Kd8 35.e7+ Kc8 36.e8=Q+ Qd8
37.Qxd8+ Rxd8 38.Rxd8+ Kxd8 39.Qf6+ Kc7 40.Qxg5 e3 41.Re1 Bc6 42.Rxe3  1-0

[Event "Open NK"]
[Site "Dieren NED"]
[Date "2007.08.01"]
[Round "8"]
[White "Haast,M"]
[Black "Spaan,N"]
[Result "1-0"]
[WhiteElo "2028"]
[BlackElo "2178"]

1.e4 c5 2.Nf3 d6 3.d4 cxd4 4.Nxd4 Nf6 5.Nc3 a6 6.Be3 e5 7.Nf3 h6 8.Bc4 Be7
9.O-O O-O 10.h3 Be6 11.Bb3 Nbd7 12.Qe2 Qc7 13.Rad1 Rac8 14.Nh4 Bxb3 15.axb3 Rfe8
16.Nf5 Bf8 17.Qf3 Kh7 18.g4 d5 19.Nxd5 Nxd5 20.Rxd5 Nf6 21.Rd2 Qc6 22.Ng3 Kg8
23.Rfd1 Re6 24.h4 g6 25.g5 hxg5 26.hxg5 Ne8 27.Kg2 Rd6 28.Rxd6 Nxd6 29.c3 Bg7
30.Qg4 Re8 31.f3 a5 32.Bf2 b5 33.Nf1 a4 34.Ne3 axb3 35.Nd5 Nc4 36.Qh4 Kf8
37.Nf6 Nxb2 38.Qh7 Nxd1 39.Bc5+ Qxc5 40.Qg8+  1-0

[Event "Open NK"]
[Site "Dieren NED"]
[Date "2007.08.01"]
[Round "8"]
[White "Schenkeveld,Di"]
[Black "Op den Kelder,J"]
[Result "0-1"]
[WhiteElo "2060"]
[BlackElo "2247"]

1.e4 c5 2.Nf3 d6 3.d4 cxd4 4.Nxd4 Nf6 5.Nc3 a6 6.Be3 e5 7.Nf3 Be7 8.Bc4 O-O
9.O-O Be6 10.Bb3 Nc6 11.Bg5 Ne8 12.Bxe7 Qxe7 13.Nd5 Qd8 14.Qd2 Nf6 15.Rfe1 Rc8
16.Nxf6+ Qxf6 17.Bxe6 Qxe6 18.b3 b5 19.a4 b4 20.a5 Rb8 21.Red1 Rfd8 22.Qd5 Qd7
23.Qc4 Qb7 24.Rd5 Ne7 25.Rd2 Rbc8 26.Qe2 f6 27.Rad1 Rc6 28.Rd3 Qc7 29.Nd2 Rxc2
30.Qg4 Qxa5 31.Qe6+ Kf8 32.Nc4 Qc5 33.R3d2 Rxd2 34.Rxd2 d5 35.Qxa6 Kf7 36.Kf1 d4
37.Qb7 h5 38.Rd3 Rc8 39.Rf3 Ke6 40.h4 Rc7 41.Qb8 Rc8 42.Qb7 Rd8 43.Rd3 Qc6
44.Qxb4 Qxe4 45.Qb6+ Kf7 46.Rd1 d3 47.Qxd8 Qe2+ 48.Kg1 Qxd1+ 49.Kh2 Qxb3
50.Nd6+ Ke6 51.Ne8 Qa4 52.g3 Qd4 53.Nxg7+ Kf7 54.Qe8+ Kxg7 55.Qxe7+ Kg6 56.Qe8+ Kf5
57.Qxh5+ Ke4 58.Qg4+ Kd5 59.Qd7+ Kc4 60.Qa4+ Kc3 61.Qa1+ Kc2 62.Qa2+  0-1

[Event "ITT"]
[Site "Vicente Lopez ARG"]
[Date "2007.08.01"]
[Round "8"]
[White "Born,C"]
[Black "Fusco,L"]
[Result "0-1"]
[WhiteElo "2202"]
[BlackElo "2332"]

1.e4 c5 2.Nf3 d6 3.d4 cxd4 4.Nxd4 Nf6 5.Nc3 a6 6.Be3 e5 7.Nb3 Be6 8.Qd2 Be7
9.f4 Qc7 10.Be2 Nbd7 11.f5 Bc4 12.g4 h6 13.O-O-O b5 14.h4 b4 15.Nd5 Nxd5
16.exd5 a5 17.Kb1 Nf6 18.g5 Ne4 19.Qe1 Bxe2 20.Qxe2 Ng3 21.Qb5+ Qd7 22.Qxd7+ Kxd7
23.Rhg1 Nxf5 24.Bc1 a4 25.Nd2 hxg5 26.hxg5 Ne3 27.Rde1 Nxd5 28.Ne4 Rh2 29.Rgf1 Ke6
30.Ng3 g6 31.Ne4 Rc8 32.Nd2 Rg2 33.Nf3 Rc4 34.Bd2 Bd8 35.b3 axb3 36.axb3 Rcg4
37.Kc1 Bb6 38.Kd1 e4 39.Rh1 e3 40.Rh2 Kd7 41.Rh7 exd2 42.Rxf7+ Kc6 43.Nxd2  0-1

[Event "Open NK"]
[Site "Dieren NED"]
[Date "2007.08.02"]
[Round "9"]
[White "Rietveld,R"]
[Black "Maenhout,T"]
[Result "0-1"]
[WhiteElo "2137"]
[BlackElo "2302"]

1.e4 c5 2.Nf3 d6 3.d4 cxd4 4.Nxd4 Nf6 5.Nc3 a6 6.Be3 e5 7.Nb3 Be6 8.Qd2 Be7
9.f3 O-O 10.O-O-O Nbd7 11.g4 b5 12.g5 b4 13.Ne2 Ne8 14.f4 a5 15.f5 a4 16.Nbd4 exd4
17.Nxd4 b3 18.Kb1 bxc2+ 19.Nxc2 Bb3 20.axb3 axb3 21.Na3 Ne5 22.h4 Ra5 23.Rh3 Qa8
24.Qg2 d5 25.exd5 Bxa3 26.bxa3 Nd6 27.Bc1 Rb8 28.g6 hxg6 29.fxg6 f6 30.Rd4 Rc5
31.Qe2 Nb5 32.Rdd3 Nxa3+ 33.Bxa3 Qxa3 34.Qb2 Nc4 35.Qxa3 Nxa3+ 36.Kb2 Rc2+  0-1

[Event "Open NK"]
[Site "Dieren NED"]
[Date "2007.08.02"]
[Round "9"]
[White "Van der Weide,K"]
[Black "Burg,T"]
[Result "1-0"]
[WhiteElo "2512"]
[BlackElo "2301"]

1.e4 c5 2.Nf3 d6 3.d4 cxd4 4.Nxd4 Nf6 5.Nc3 a6 6.Be3 e5 7.Nb3 Be6 8.f3 Be7
9.Qd2 O-O 10.O-O-O a5 11.Bb5 Nbd7 12.Qe2 Qc7 13.Kb1 Nb6 14.g4 Nc4 15.g5 Nh5
16.Bxc4 Bxc4 17.Qd2 a4 18.Nc1 a3 19.b3 Be6 20.N1e2 Ra5 21.Nd5 Bxd5 22.exd5 Raa8
23.Ng3 Nf4 24.Ne4 f5 25.gxf6 gxf6 26.Bxf4 exf4 27.Rhg1+ Kh8 28.Qd4 Qd7 29.Rg4 Qf5
30.Rdg1 Rg8 31.Ng5 Rg6 32.Rxf4 Qd7 33.Ne6 Qb5 34.Rfg4 Rag8 35.c4 Qb4 36.Rxg6 Rxg6
37.Kc2 Kg8 38.Rxg6+ hxg6 39.Qe4 Kf7 40.Nf4 Ke8 41.Nxg6 Qc5 42.Qxe7+  1-0

[Event "Open NK"]
[Site "Dieren NED"]
[Date "2007.08.02"]
[Round "9"]
[White "Timmermans,M"]
[Black "Van Opheusden,B"]
[Result "1/2-1/2"]
[WhiteElo "2007"]
[BlackElo "2162"]

1.e4 c5 2.Nf3 d6 3.d4 cxd4 4.Nxd4 Nf6 5.Nc3 a6 6.Be3 e6 7.g4 e5 8.Nf5 g6
9.g5 gxf5 10.exf5 d5 11.Qf3 d4 12.O-O-O Nbd7 13.Bc4 Qc7 14.Bb3  1/2-1/2

[Event "US Open"]
[Site "Cherry Hill USA"]
[Date "2007.08.04"]
[Round "8"]
[White "Ostrovsky,A"]
[Black "Cao,T"]
[Result "0-1"]
[WhiteElo "2374"]
[BlackElo "2181"]

1.e4 c5 2.Nf3 d6 3.d4 cxd4 4.Nxd4 Nf6 5.Nc3 a6 6.Be3 e6 7.f3 b5 8.Qd2 Nbd7
9.O-O-O Bb7 10.Qf2 Rc8 11.Bd3 b4 12.Nce2 d5 13.exd5 Nxd5 14.Nb3 Qc7 15.Kb1 Be7
16.Rc1 Bf6 17.h4 O-O 18.Bg5 Ne5 19.Be4 a5 20.Bxf6 Nxf6 21.Bxb7 Qxb7 22.Nbd4 a4
23.Qg3 Nc4 24.Rhd1 Nd5 25.Rd3 Rb8 26.Qe1 Rfc8 27.Ka1 Ra8 28.f4 Qa6 29.a3 Rab8
30.Rb1 Qd6 31.Qg3 bxa3 32.bxa3 Rxb1+ 33.Kxb1 Qb6+ 34.Kc1 Qb2+ 35.Kd1 Qa1+
36.Nc1 Nb2+ 37.Kd2 Nxd3 38.Qxd3 Nxf4 39.Qe3 Nxg2 40.Qd3 Nf4 41.Qe3 Rd8 42.c3 Qb2+
43.Kd1 Nd5  0-1

[Event "Scandinavian Chess Tournament"]
[Site "Taby SWE"]
[Date "2007.08.04"]
[Round "1"]
[White "Algars,O"]
[Black "Hedman,E"]
[Result "0-1"]
[WhiteElo "2094"]
[BlackElo "2346"]

1.e4 c5 2.Nf3 d6 3.d4 cxd4 4.Nxd4 Nf6 5.Nc3 a6 6.Be3 Ng4 7.Bc1 Nc6 8.h3 Nf6
9.Be3 e6 10.Qd2 Be7 11.O-O-O O-O 12.g4 Nxd4 13.Qxd4 b5 14.g5 Nd7 15.Rg1 Qa5
16.a3 Rb8 17.Na2 Bb7 18.f3 Rfc8 19.h4 d5 20.exd5 Bxd5 21.Bd2 Qb6 22.Qxb6 Nxb6
23.Bb4 Kf8 24.Nc3 Bxf3 25.Rd3 Bb7 26.Bh3 Bxb4 27.axb4 Rc4 28.Rf1 Ke7 29.h5 Rxb4
30.g6 hxg6 31.hxg6 f6 32.Bxe6 Kxe6 33.Re3+ Kd6 34.Rfe1 Rd8 35.Re7 Rd7 36.R1e6+ Kc7
37.Rxd7+ Nxd7 38.Re7 Rg4 39.Rxg7 b4 40.Na4 Kd6  0-1